Financial Performance of Tourism Businesses under the Influence of Measures Related to COVID-19

Všetci vieme, že šírenie ochorenia COVID-19 prinieslo pre celý svet značné obmedzenia, ktoré úzko súvisia aj s podnikateľskou činnosťou firiem. V dôsledku opatrení vlády SR boli niektoré podnikateľské subjekty obmedzené vo výkone svojej činnosti. Na dosiahnutie cieľa sme okrem všeobecných logických...

Descrizione completa

Salvato in:
Dettagli Bibliografici
Autore principale: Lukáč, Jozef, 1991-
Altri autori: Gallo, Peter, Balogová, Beáta
Natura: Capitolo di libro
Lingua:inglese
Soggetti:
Tags: Aggiungi Tag
Nessun Tag, puoi essere il primo ad aggiungerne!!

MARC

LEADER 00000naa a2200000 4500
001 0292279
005 20241031105342.8
041 0 |a eng 
044 |a RO 
245 1 0 |a Financial Performance of Tourism Businesses under the Influence of Measures Related to COVID-19  |c Jozef Lukáč, Peter Gallo, Beáta Balogová 
520 |a Všetci vieme, že šírenie ochorenia COVID-19 prinieslo pre celý svet značné obmedzenia, ktoré úzko súvisia aj s podnikateľskou činnosťou firiem. V dôsledku opatrení vlády SR boli niektoré podnikateľské subjekty obmedzené vo výkone svojej činnosti. Na dosiahnutie cieľa sme okrem všeobecných logických metód použili aj hierarchickú aglomeratívnu zhlukovú analýzu. Ako metódu zhlukovania sme zvolili wardovú metódu. Wardova metóda minimálneho rozptylu je aglomeratívna (zlučovacia) hierarchická metóda. Zo slovenských podnikov v oblasti cestovného ruchu najviac podnikov obsahoval klaster 3, ktorý obsahoval 16 podnikov. Tento najpočetnejší a dominantný klaster má priemernú hodnotu ukazovateľa aktív 8546978 €. Na Slovensku v rámci pomoci podnikom cestovného ruchu na vládnej úrovni bola v rámci schémy vyhlásená výzva, v rámci ktorej bolo možné čerpať pomoc za mesiace apríl až október 2020. Táto pomoc mala pokryť stratu 10 % z ich tržieb podnikateľom v gastronómii a cestovnom ruchu. 
610 2 0 |a výkonnosť podniku 
610 2 0 |a výkonnosť finančná 
610 2 0 |a ruch cestovný 
610 2 0 |a gastronómia 
610 2 0 |a ubytovanie 
610 2 0 |a koronavírus 
100 1 |a Lukáč, Jozef, 1991- 
700 1 |a Gallo, Peter 
700 1 |a Balogová, Beáta